|
|
|
|
| LEADER |
00000nam0a2200000 4500 |
| 001 |
145079 |
| 005 |
20231101221132.0 |
| 010 |
|
|
|a 9785987041325
|
| 035 |
|
|
|a (RuTPU)RU\TPU\book\157236
|
| 035 |
|
|
|a RU\TPU\book\26052
|
| 035 |
|
|
|a RU\TPU\book\121874
|
| 090 |
|
|
|a 145079
|
| 100 |
|
|
|a 20070402d2008 m y0rusy50 ca
|
| 101 |
0 |
|
|a rus
|
| 102 |
|
|
|a RU
|
| 105 |
|
|
|a a j 001zy
|
| 200 |
1 |
|
|a Теория и методы принятия решений, а также Хроника событий в Волшебных Странах
|e учебник для вузов
|f О. И. Ларичев
|
| 205 |
|
|
|a 3-е изд., перераб. и доп.
|
| 210 |
|
|
|a Москва
|c Логос
|c Физматкнига
|d 2008
|
| 215 |
|
|
|a 392 с.
|c ил.
|
| 225 |
1 |
|
|a Новая университетская библиотека
|
| 320 |
|
|
|a Библиогр. в конце каждой главы.
|
| 330 |
|
|
|a Рассмотрены понятия и методы, определяющие процессы принятия решений, а также инструменты их обоснования и поддержки. Освещены аксиоматические теории рационального поведения, многокритериальные решения при объективных моделях, методы оценки и сравнения многокритериальных альтернатив, особенности переработки информации человеком в связи с принятием решений. Представлены современные подходы к построению экспертных баз данных, анализу и принятию решений, деятельности консультативных фирм и консультантов по проблемам принятия решений. Раскрыты вопросы принятия решений в организациях и анализа риска. Изложены методы аналитической иерархии сравнительного превосходства альтернатив по индексам согласия и несогласия и многокритериальной теории полезности. Для студентов вузов, обучающихся по направлениям и специальностям менеджмента, экономики, информатики и вычислительной техники. Представляет интерес для широкого круга специалистов.
|
| 606 |
1 |
|
|a Принятие решений
|x Теория
|2 stltpush
|3 (RuTPU)RU\TPU\subj\51694
|9 70264
|
| 610 |
1 |
|
|a экономика
|
| 610 |
1 |
|
|a управление
|
| 610 |
1 |
|
|a менеджмент
|
| 610 |
1 |
|
|a принятие решений
|
| 610 |
1 |
|
|a рациональное поведение
|
| 610 |
1 |
|
|a многокритериальные решения
|
| 610 |
1 |
|
|a коллективные решения
|
| 610 |
1 |
|
|a назначения
|
| 610 |
1 |
|
|a учебные пособия
|
| 686 |
|
|
|a У9(2)212.8я73
|v LBC/SL-A
|2 rubbk
|
| 700 |
|
1 |
|a Ларичев
|b О. И.
|g Олег Иванович
|
| 801 |
|
1 |
|a RU
|b 63413507
|c 20081013
|g PSBO
|
| 801 |
|
2 |
|a RU
|b 63413507
|c 20121012
|g PSBO
|
| 900 |
|
|
|a Теория принятия решений
|
| 942 |
|
|
|c BK
|
| 952 |
|
|
|a 521500
|a 521600
|b 080500
|b 080100
|b 230100
|
| 959 |
|
|
|a 89/20081007
|d 1
|e 286,00
|f ЧЗГЛ:1
|